00525nam a22001937a 450000500170000001000130001702000220003003500130005203700160006504000120008108200130009310000260010624500570013226000400018927000450022930000190027465000170029365000210031020170124110040.0 aA-998404 c80.00a8176500100 aA-998404 bCen Lib/Ret aDPLbEN a882bGIL aGill, Tarlochan Singh aAsoka :cby Tarlochan Singh Gill bhistorical play / aNew DelhibStar publications c1998 bNew Delhia4/5-B, Asaf ali road e110002 a96p.c21cm(Hb) a literature  aEpic literature